Edlington Properties Ltd v J H Fenner and Co Ltd (Record no. 76830)

MARC details
000 -LEADER
fixed length control field 01441cab a2200229 4500
001 - CONTROL NUMBER
control field ##L133153
008 - FIXED-LENGTH DATA ELEMENTS--GENERAL INFORMATION
fixed length control field 060418n2006 000 0 eng u
035 ## - SYSTEM CONTROL NUMBER
System control number (Sirsi) u133153
041 0# - LANGUAGE CODE
Language code of text/sound track or separate title eng
245 00 - TITLE STATEMENT
Title Edlington Properties Ltd v J H Fenner and Co Ltd
260 ## - PUBLICATION, DISTRIBUTION, ETC.
Date of publication, distribution, etc. 2006
490 #0 - SERIES STATEMENT
Series statement Estates Gazette
Volume/sequential designation [2006] 13 EG 141 (CS) (1)
520 ## - SUMMARY, ETC.
Summary, etc. Concerns whether a tenant, where the reversion of a lease was transferred, might set off a damages claim arising from a breach by the original landlord against rent falling due after the transfer. Appeal by F against a HC decision ([2005] EWHC 2158 (QB), L131494) that it was not possible to set off a claim for damages in such circumstances. F contended that a tenant's right of equitable set-off against the original landlord was a right that ran with the land and therefore was enforceable against a purchase of the reversion. "Held": appeal dismissed. The tenant could not set off the damages claim unless the lease specifically provided for such a right.
590 ## - LOCAL NOTE (RLIN)
Local note IKA250406
650 24 - SUBJECT ADDED ENTRY--TOPICAL TERM
Topical term or geographic name entry element EDLINGTON PROPERTIES LTD V J H FENNER AND CO LTD
650 24 - SUBJECT ADDED ENTRY--TOPICAL TERM
Topical term or geographic name entry element REEVES V POPE
650 24 - SUBJECT ADDED ENTRY--TOPICAL TERM
Topical term or geographic name entry element MUSCAT V SMITH
650 24 - SUBJECT ADDED ENTRY--TOPICAL TERM
Topical term or geographic name entry element NATIONAL PROVINCIAL BANK V AINSWORTH
650 24 - SUBJECT ADDED ENTRY--TOPICAL TERM
Topical term or geographic name entry element CONNAUGHT RESTAURANTS LTD V INDOOR LEISURE LTD
690 ## - LOCAL SUBJECT ADDED ENTRY--TOPICAL TERM (OCLC, RLIN)
Topical term or geographic name as entry element PROPERTY-COMMERCIAL PROPERTY-LEASEHOLD COMMERCIAL PROPERTY-COMMERCIAL LANDLORD AND TENANT-COMMERCIAL LEASES-BREACHING COMMERCIAL LEASES
942 ## - ADDED ENTRY ELEMENTS (KOHA)
Suppress in OPAC 0
Holdings
Withdrawn status Lost status Source of classification or shelving scheme Damaged status Not for loan Home library Current library Shelving location Date acquired Total Checkouts Full call number Barcode Date last seen Copy number Price effective from Koha item type
    Dewey Decimal Classification     London London Journal article 18/04/2006   L133153 133153-1001 06/08/2019 1 06/08/2019 Law report